000
00226nam a22000857a 4500
008
160916b xxu||||| |||| 00| 0 eng d
100
_9
607
_a
Khattri.S.
245
_a
English Grammer-4
260
_a
New Delhi
_b
Bookma Publications
_c
2012
999
_c
3265
_d
3265